ნორმალური ფორმატი
MARC ფორმატი
ჩანაწერი Personal Name
ჩანაწერთა რაოდენობა, რომელიც გამოყენებულია: 1
001 - CONTROL NUMBER
- control field: 23199
003 - CONTROL NUMBER IDENTIFIER
- control field: GE_BSU
005 - DATE AND TIME OF LATEST TRANSACTION
- control field: 20240911161304.0
008 - FIXED-LENGTH DATA ELEMENTS
- fixed length control field: 240911|| aca||aabn | a|a d
040 ## - CATALOGING SOURCE
- Original cataloging agency: GE_BSU
- Transcribing agency: GE_BSU
100 ## - HEADING--PERSONAL NAME
- Personal name: Amy, Jean-Mehu Kristina
670 ## - SOURCE DATA FOUND
- Source citation: Work cat.: (GE_BSU): Amy, Jean-Mehu Kristina, Personal Care & Sexual Education /
